Ekonomická kríza, alebo kríza ekonómie
Analýza iracionálneho správania, alebo obmedzenie racionálneho správania. Behaviorálna ekonómia o tom, aké existujú odklony od racionálneho modelu a ako toto správanie ovplyvňuje dynamiku trhov.
Gespeichert in:
| 1. Verfasser: | |
|---|---|
| Format: | Buchkapitel |
| Sprache: | Slowakisch |
| Schlagworte: | |
| Tags: |
Keine Tags, Fügen Sie das erste Tag hinzu!
|
MARC
| LEADER | 00000nla a2200000 4500 | ||
|---|---|---|---|
| 001 | 0166289 | ||
| 005 | 20220422121222.4 | ||
| 041 | 0 | |a slo | |
| 044 | |a SK | ||
| 245 | 1 | 0 | |a Ekonomická kríza, alebo kríza ekonómie |c Vladimír Bačišin |
| 520 | |a Analýza iracionálneho správania, alebo obmedzenie racionálneho správania. Behaviorálna ekonómia o tom, aké existujú odklony od racionálneho modelu a ako toto správanie ovplyvňuje dynamiku trhov. | ||
| 610 | 2 | 0 | |a kríza hospodárska |
| 610 | 2 | 0 | |a kríza finančná |
| 610 | 2 | 0 | |a pohyb cyklický hospodárstva |
| 610 | 2 | 0 | |a teória kríz |
| 610 | 2 | 0 | |a teória cyklu |
| 610 | 2 | 0 | |a recesia |
| 610 | 2 | 0 | |a behaviorizmus |
| 100 | 1 | |a Bačišin, Vladimír | |